000 00984cam a2200133 4500500
005 20260111091248.0
041 _afre
042 _adc
245 0 0 _aThomas d’Aquin, Commentaire de l’Épître aux Romains, suivi de Lettre à Bernard Ayglier abbé du Mont-Cassin, tr. et tables J.-Ér. Stroobant de Saint-Éloy osb, annot. J. Borella et J.-Ér. Stroobant ; avant-propos G. Berceville op, Paris, Cerf, 1999, 23x19, 651 p., rel. ISBN 2-204-06017-8, Commentaire de la Première Épître aux Corinthiens, complété par La postille sur la Première Épître aux Corinthiens (chap. 7,10b au chap. 10,33) de Pierre de Charentaise, intr. G. Dahan, tr. et tables J.-É. Stroobant de Saint-Éloy osb, annot. J. <span class="marquage p
260 _c2005.
500 _a17
786 0 _nNouvelle revue théologique | 127 | 4 | 2005-12-15 | p. 623v-639v | 0029-4845
856 4 1 _uhttps://shs.cairn.info/revue-nouvelle-revue-theologique-2005-4-page-623v?lang=fr&redirect-ssocas=7080
999 _c1620747
_d1620747